Largest And Smallest Countries By Population Density - Statistics

General Stats
  • This quiz has been taken 18 times
  • The average score is 12 of 20
Answer Stats
Density (Per Sq. Mile) Answer % Correct
10 Canada
94%
44,770 Monaco
94%
5.2 Mongolia
88%
7.8 Australia
76%
21,370 Singapore
76%
3,020 Bangladesh
71%
4,940 Bahrain
65%
1,580 Nauru
65%
10 Libya
59%
4,520 Maldives
59%
1,750 Taiwan
59%
13 Mauritania
53%
7.8 Namibia
53%
4,400 Malta
47%
1,700 Mauritius
47%
10 Iceland
41%
1,690 Barbados
35%
13 Botswana
29%
10 Guyana
29%
10 Suriname
29%
No matching quizzes found
Score Distribution
Percent of People with Each Score
Percentile by Number Answered
Your Score History
You have not taken this quiz